Urvölgyit Kupferkalk-Hydrosulphat ein Neues Mineral von Herrengrund / (Record no. 165940)

MARC details
000 -LEADER
campo de control de longitud fija 00813nam a2200205 i 4500
001 - NÚMERO DE CONTROL
campo de control 165940
003 - IDENTIFICADOR DE NÚMERO DE CONTROL
campo de control ES-MaACL
005 - FECHA Y HORA DE LA ÚLTIMA TRANSACCIÓN
campo de control 20230906213231.0
008 - DATOS DE LONGITUD FIJA--INFORMACIÓN GENERAL
campo de control de longitud fija 050913s1879 hu f |||| | ger d
040 ## - FUENTE DE CATALOGACIÓN
Centro catalogador/agencia de origen CAM
Lengua de catalogación spa
Centro/agencia transcriptor CAM
080 ## - NÚMERO DE LA CLASIFICACIÓN DECIMAL UNIVERSAL
Número de la Clasificación Decimal Universal 546.56
100 1# - ENTRADA PRINCIPAL--NOMBRE DE PERSONA
Nombre de persona Szabó, Jozsef.
9 (RLIN) 224286
245 10 - MENCIÓN DEL TÍTULO
Título Urvölgyit Kupferkalk-Hydrosulphat ein Neues Mineral von Herrengrund /
Mención de responsabilidad, etc. von J. Szabó.
260 ## - PUBLICACIÓN, DISTRIBUCIÓN, ETC.
Lugar de publicación, distribución, etc. Budapest :
Nombre del editor, distribuidor, etc. [s.n.],
Fecha de publicación, distribución, etc. 1879 (
Fabricante Druck des Franklin-Verein)
300 ## - DESCRIPCIÓN FÍSICA
Extensión 14 p., [1] h. de lám. ;
Dimensiones 23 cm.
595 ## -
-- Separatabdruck aus den "Literarischen Berichten aus ungarn", III band, 3. heft.
650 #4 - PUNTO DE ACCESO ADICIONAL DE MATERIA--TÉRMINO DE MATERIA
Término de materia o nombre geográfico como elemento de entrada Cobre.
9 (RLIN) 159957
852 ## - LOCALIZACIÓN
Ubicación ES-MaACL
Número de control de estantería T-900-F-6
Nota libre - Enc. hol., conservando la enc. original
-- . - Legado de Federico de Botella y de Hornos
-- - Enc. en un vol. facticio
Holdings
Estatus retirado Estado de pérdida Estado de daño No para préstamo Colección Biblioteca de origen Biblioteca actual Ubicación en estantería Fecha de adquisición Fuente de adquisición Total de préstamos Signatura topográfica completa Código de barras Visto por última vez Precio de reemplazo Tipo de ítem Koha
        Colección de folletos Biblioteca del Ateneo de Madrid Biblioteca del Ateneo de Madrid Depósito folletos 17/01/2008     T-900-F-6 1174025 23/02/2023 23/02/2023 Folleto